004760000a220015700045000010005000001000041000051020007000462000072000532100047001253000062001723170015002346060027002496750020002767000014002967000008003102798 a19931124d19651948m||y0pory5003 ba aUS aA collection of articles on dynamic Meteorologyfedited by I. Kibel aNew YorkcAmerican Geophysical Uniond1965 av.1 Tradução inglesa de Soviet Research in Geophysics aOrigem: IM aMETEOROLOGIA GERALzIM a551.5vmedzfre 1aKibelbI. 4340